| 000 | 00931nam a2200289 a 4500 | ||
|---|---|---|---|
| 005 | 20230623063550.0 | ||
| 008 | 991125s1991 mx 000 0 spa u | ||
| 020 | _a9681636627 | ||
| 035 | _aUPN01000049988 | ||
| 040 |
_aUPN _bspa _cUPN |
||
| 049 | _aCG | ||
| 050 | 4 |
_aPT3919.T7 _bP8.48 |
|
| 100 | 1 |
_aTraven, Bruno, _d1890-1969 _929464 |
|
| 240 | 1 | 0 |
_aBridge on the jungle. _lEspañol |
| 245 | 1 | 0 |
_aPuente en la selva / _cB. Traven ; il. Manuel Ahumada ; tr. Esperanza López Mateos. |
| 250 |
_a1a ed. _b(1a reimpr. 1992) |
||
| 260 |
_aMéxico : _bFCE, _c1991. |
||
| 300 |
_a258 p. _bilustraciones |
||
| 490 | 0 |
_aA la orilla del viento ; _v14 |
|
| 500 | _aTraducción de: Bridge on the jungle. | ||
| 650 | 4 |
_aCuentos infantiles mexicanos _97723 |
|
| 700 | 1 |
_943846 _aAhumada, Manuel, _d1956-2014 _eil. |
|
| 700 | 1 |
_943847 _aLópez Mateos, Esperanza, _etr. |
|
| 904 |
_aAC _b049990 |
||
| 905 | _aLibro | ||
| 942 |
_2lcc _cLIBRO |
||
| 999 |
_c49988 _d49988 |
||